000 01200nam a2200289 4500
003 EC-UNACH
005 20241021171805.0
006 s||||gr|||| 00| 00
008 150116t9999 mx r gr 000 0 spa d
020 _a978-84-330-3093-1
040 _aEC-UNACH
_cEC-UNACH
041 _aspa
082 0 4 _223
_a658
_bL016675
100 _aÁlvarez Alday, María.
245 _aDiseño de Organizaciones.
_bTeoría y Práctica
250 _aSegunda Edición.
264 _aEspaña
_bDesclée De Brouwer
_c2022
300 _a263 páginas.
_bTablas, Imágenes.
_c24 centímetros.
505 _aIncluye: La organización.-- Evolución del pensamiento sobre la teoría de la organización.-- La dirección.-- Fundamentos del Diseño de organizaciones.-- Las variables contingentes y el desempeño estructural.-- Autoridad y poder.-- Las opiniones de diseño organizativo de Mintzberg.-- Estructuras actuales.-- Casos Prácticos.-- Bibliografía.
650 _aORGANIZACIÓN EMPRESARIAL.
650 _aPLANIFICACIÓN.
650 _aCAMBIO ORGANIZACIONAL.
942 _2ddc
_c1
999 _c13477